FUNDAMENTALS OF POPULATION GEOGRAPHY (Record no. 3623)
[ view plain ]
| 000 -LEADER | |
|---|---|
| fixed length control field | 00412cam a2200169ua 4500 |
| 008 - FIXED-LENGTH DATA ELEMENTS--GENERAL INFORMATION | |
| fixed length control field | 131204n1987 II |||gr||||Z||||||eng |
| 040 ## - CATALOGING SOURCE | |
| Original cataloging agency | MAIN |
| 041 ## - LANGUAGE CODE | |
| -- | English |
| 082 ## - DEWEY DECIMAL CLASSIFICATION NUMBER | |
| Classification number | 910.1312 GHO |
| 100 ## - MAIN ENTRY--PERSONAL NAME | |
| Personal name | GHOSH, B. N. |
| 245 ## - TITLE STATEMENT | |
| Title | FUNDAMENTALS OF POPULATION GEOGRAPHY |
| 260 ## - PUBLICATION, DISTRIBUTION, ETC. | |
| Place of publication, distribution, etc. | NEW YORK |
| Name of publisher, distributor, etc. | JOHN WILLEY & SONS |
| Date of publication, distribution, etc. | 1987 |
| 300 ## - PHYSICAL DESCRIPTION | |
| Extent | 252: |
| Dimensions | 20CM. |
| 942 ## - ADDED ENTRY ELEMENTS (KOHA) | |
| Koha item type | Books |
| 653 ## - INDEX TERM--UNCONTROLLED | |
| Uncontrolled term | Population Geography |
| Withdrawn status | Lost status | Damaged status | Not for loan | Collection code | Home library | Current library | Shelving location | Date acquired | Total Checkouts | Full call number | Barcode | Date last seen | Date last checked out | Copy number | Price effective from | Koha item type | Public note | Total Renewals |
|---|---|---|---|---|---|---|---|---|---|---|---|---|---|---|---|---|---|---|
| TBGEO | Central Library and Information Centre Sibsagar Girls College | Central Library and Information Centre Sibsagar Girls College | GEOGRAPHY BOOK RACK | 07.03.1985 | 5 | 910.1312 GHO | 11776 | 23.03.2026 | 12.03.2026 | 1 | 27.02.2020 | Books | V | |||||
| TBGEO | Central Library and Information Centre Sibsagar Girls College | Central Library and Information Centre Sibsagar Girls College | GEOGRAPHY BOOK RACK | 07.03.1985 | 1 | 910.1312 GHO | 11777 | 25.02.2026 | 28.01.2026 | 2 | 27.02.2020 | Books | V | |||||
| TBGEO | Central Library and Information Centre Sibsagar Girls College | Central Library and Information Centre Sibsagar Girls College | GEOGRAPHY BOOK RACK | 07.03.1985 | 910.1312 GHO | 11778 | 27.02.2020 | 3 | 27.02.2020 | Books | V | |||||||
| TBGEO | Central Library and Information Centre Sibsagar Girls College | Central Library and Information Centre Sibsagar Girls College | GEOGRAPHY BOOK RACK | 07.03.1985 | 2 | 910.1312 GHO | 11779 | 28.06.2024 | 24.06.2024 | 4 | 27.02.2020 | Books | V | 1 | ||||
| TBGEO | Central Library and Information Centre Sibsagar Girls College | Central Library and Information Centre Sibsagar Girls College | GEOGRAPHY BOOK RACK | 07.03.1985 | 1 | 910.1312 GHO | 11780 | 17.08.2024 | 03.08.2024 | 5 | 27.02.2020 | Books | V |